| 000 | 00930nam a2200289 i 4500 | ||
|---|---|---|---|
| 001 | 000035555 | ||
| 003 | DO-SdBNP | ||
| 005 | 20251007094742.0 | ||
| 007 | ta | ||
| 008 | 090831s2011 dr a r 000 0 spa d | ||
| 020 | _z9993486345 | ||
| 040 |
_aDO-SdBNP _bspa _cBNPHU _erda |
||
| 041 | _aspa | ||
| 082 | 4 |
_a640.41 _bC728L 2011 _222 |
|
| 100 | 1 |
_aComarazamy, Luisa, _eautor _4aut. _917924 |
|
| 245 | 1 | 3 |
_aEl libro de las soluciones / _cLuisa Comarazamy, Elizabeth Comarazamy. |
| 250 | _aTercera edición | ||
| 264 | 1 |
_aSanto Domingo : _bEditora Búho, _c2011. |
|
| 300 |
_a180 p. : _bil. ; _c22 cm. |
||
| 500 | _aIncluye datos biográficos de los autores en la solapa de la cubierta. | ||
| 590 | _aInventariado, 2018/BT | ||
| 650 | 4 |
_aEconomía doméstica _917915 |
|
| 650 | 4 |
_aRecetarios _917916 |
|
| 700 | 1 |
_aComarazamy, Elizabeth, _eautor _4aut. _917917 |
|
| 910 | _aValidado. Control de calidad. EMS | ||
| 942 |
_2ddc _cLBS1 |
||
| 999 |
_c35046 _d35046 |
||